000 00380nam a2200157Ia 4500
008 151213s9999 xx 000 0 und d
100 _aHugh Kemmer
245 _aT. S. Eliot A Collection 07
_cHugh Kemmer
250 _a1st
260 _aUSA
_bPrentic Hall
_c1962
300 _a4469 p.
650 _aCritical Essays
650 _aEnglish
700 _aHugh Kemmer
999 _c2844
_d2844